Derecho civil. Primer año. Versiones taquigráficas tomadas en la clase de Derecho Civil del Señor Arturo Alessandri Rodríguez.

Salvato in:
Dettagli Bibliografici
Autore principale: Alessandri Rodríguez, Arturo (autor)
Natura: Libro
Lingua:inglese
Pubblicazione: Santiago, Chile: Lex, [194? ].
Soggetti:
Tags: Aggiungi Tag
Nessun Tag, puoi essere il primo ad aggiungerne!!

MARC

LEADER 00000nam a22000007a 4500
003 CL-VaPUC
005 20240112112447.0
008 240110b ||||| |||| 00| 0 eng d
999 |c 442939  |d 442937 
040 |c Pontificia Universidad Católica de Valparaíso 
082 |2 22  |a 346.8304 ALE [194? ] 
100 |9 605353  |a Alessandri Rodríguez, Arturo  |e autor 
245 |a Derecho civil. Primer año.  |b Versiones taquigráficas tomadas en la clase de Derecho Civil del Señor Arturo Alessandri Rodríguez. 
260 |a Santiago, Chile:   |b Lex,   |c [194? ]. 
300 |a Tomo 2. 
500 |a c.1 Tomo 2: Donación Sr. Jorge López Santa María. Memo DER N° 050. 22-12-23. 
505 |a t.2: De los bienes. 
583 |c 20240110  |k Yessy Sthefany Diaz Vidal 
650 0 |9 255749  |a Bienes  |x Muebles e inmuebles   |x Derecho de propiedad   |z Chile  
942 |2 ddc  |c BK 
952 |0 0  |1 0  |2 ddc  |4 0  |6 346_830400000000000_ALE_194_  |7 0  |8 A  |9 593237  |a BIBDER  |b BIBDER  |d 2024-01-10  |e Donación   |h t.2  |i 5659994  |o 346.8304 ALE [194? ]  |p 5659994  |r 2024-01-10  |t 1  |w 2024-01-10  |y BK  |k DER